000 00618nam a2200193 i 4500
001 bg
100 1 _aKOSZKUL, Józef
245 1 0 _aMateriały niemetalowe :
_bćwiczenia laboratoryjne : skrypt /
_cJózef Koszkul ; Politechnika Częstochowska.
260 _aCzęstochowa :
_bWydaw. PC,
_c1995.
300 _a105, [1] s., [2] k. tabl. złoż. :
_bfot., rys., wykr. ;
_c24 cm.
504 _aBibliogr. przy ćw.
650 9 _aTworzywa sztuczne
_xbadanie
655 _aĆwiczenia i zadania
040 _cBPK
041 0 _apol
080 _a678(075.8)(076)
942 _cKS
008 s pl f |000 0 pol
999 _c24541
_d24541
856 _uhttp://koha.tu.koszalin.pl/cgi-bin/koha/opac-detail.pl?biblionumber=24541
_yKatalog online BPK